01150nam a2200229 i 4500001000700000003000900007005001700016008004100033040002000074100003600094245005400130250001700184260014100201300002800342490009500370594004700465650003500512830010300547852012600650999001900776952012500795165184ES-MaACL20230906213100.0050817s1850 xxk | |||||||| ||eng d aCAM bspa cCAM1 aSenior, Nassau William.913264810aPolitical economy / c[by Nassau William Senior]. a2ª ed. rev. aLondon : bpublished by John Joseph Griffin & co. ; aGlasgow :bRichard Griffin & co., c1850 (eGlasgow : fPrinted by Bell and Bain) aVIII, 231 p. ; c19 cm.1 aEncyclopaedia metropolitana or System of Universal Knowledge. First Division, Pure Scieces aEl autor consta en portadilla en pag. III. 4aPolítica económica.9162930 aEncyclopaedia metropolitana or System of Universal Knowledge. First Division, Pure Scieces9222442 aES-MaACLjC-3868 z-- Enc. editorial en tela z-- Precede a la port. 15 p. de publicidad de la Encyclopedia metropolitana c165184d165184 001040708LIBXIXaATENEOMbATENEOMcSPALd2008-01-17eSSCl0oC-3868p1173209r2023-02-23 00:00:00w2023-02-23yMONANT